El pensamiento en la Edad Media /

Estudio sobre el pensamiento medieval de Occidente, a partir de la interpretación de las corrientes doctrinales de esa época, que el autor sitúa entre los siglos VIII al XV, pero abunda más en el siglo XIII. Entre los pensadores principales analizados se encuentran San Anselmo, Abelardo, San Bernard...

Descripción completa

Guardado en:
Detalles Bibliográficos
Autor principal: Vignaux, Paul (autor)
Otros autores: Segovia, Tomás (traducción) (traducción)
Formato: Libro
Idioma:Español
Publicado: México : Fondo de Cultura Económica, 1958, c1958
Edición:2a edición
Colección:(Breviarios ; 94)
Temas:
Etiquetas: Agrega una etiqueta
Sin etiquetas, Sé el primero en etiquetar este registro!

MARC

LEADER 00000nam^a2200000^a^4500
001 000000600
005 20250521000000.0
009 20260310083032.459
037 |a Acervo ITESO - Biblioteca 
041 |a ESP 
082 |a 082.  |b BRE V. 94 
100 |a Vignaux, Paul  |e (autor) 
245 1 3 |a El pensamiento en la Edad Media /  |c P. Vignaux ; tr. por T. Segovia. 
250 |a 2a edición 
264 4 |a México :  |b Fondo de Cultura Económica,  |c 1958, c1958 
300 |a 207 p. 
336 |a texto  |b txt  |2 rdacontenido 
337 |a sin mediación  |b n  |2 rdamedio 
338 |a volumen  |b nc  |2 rdasoporte 
440 1 |a (Breviarios ;  |v 94) 
500 |a Traducción de: La pensée au Moyen Age 
520 |a Estudio sobre el pensamiento medieval de Occidente, a partir de la interpretación de las corrientes doctrinales de esa época, que el autor sitúa entre los siglos VIII al XV, pero abunda más en el siglo XIII. Entre los pensadores principales analizados se encuentran San Anselmo, Abelardo, San Bernardo, Ricardo de San Víctor, Roberto Grosseste, Rogerio Bacon, San Buenaventura, Santo Tomás, Juan Duns Escoto y Guillermo de Occam. 
649 |a XX 
650 |a Cosmovisión -  |z Europa -  |x Historia -  |y 476-1492 
650 |a Teología -  |z Europa -  |x Historia -  |y 476-1492 
650 |a Escolástica -  |x Historia y Crítica 
650 |a Filosofía Medieval -  |x Historia y Crítica -  |x Tema Principal 
650 |a Filosofía y Religión -  |z Europa -  |x Historia y Crítica 
650 |a Edad Media -  |x Historia 
650 |a Europa -  |x Historia -  |y 476-1492 
700 |a Segovia, Tomás  |e (traducción) 
910 |a Fondo General 
920 |a Impresos - Libros 
930 |a Colección General 
905 |a 101 
901 |a 0006000100  |b IT1  |c ACC  |i 000600  |u 20250521 
902 |a https://opac.biblio.iteso.mx/vufind/Record/000000600